Ukrajina a Európska únia diplomová práca

Salvato in:
Dettagli Bibliografici
Autore principale: Hložová, Jana
Ente Autore: Ekonomická univerzita v Bratislave. Fakulta medzinárodných vzťahov
Altri autori: Woltemar, Richard
Natura: Libro
Lingua:slovacco
Pubblicazione: Bratislava 2010
Tags: Aggiungi Tag
Nessun Tag, puoi essere il primo ad aggiungerne!!

MARC

LEADER 00000nam a2200000 4500
001 0121423
005 20240318123652.4
041 0 |a slo 
044 |a SK 
245 1 0 |a Ukrajina a Európska únia  |b diplomová práca  |c Jana Hložová ; škol. Richard Woltemar 
264 1 |a Bratislava  |c 2010 
300 |a 59 s. 
100 1 |a Hložová, Jana 
700 1 |a Woltemar, Richard 
710 2 |a Ekonomická univerzita v Bratislave. Fakulta medzinárodných vzťahov